000 00716nam a2200241Ia 4500
003 GCL
008 140319s9999 xx 000 0 ara d
040 _aGCL /
_cGCL
082 0 4 _a759.962
_bب ى
100 1 _aبدرالدين ابوغازى
245 1 0 _aيوسف كامل /
_cبدرالدين ابوغازى
260 _a[S.N] :
_bالهيئة المصرية العامة للكتاب ،
_c1982
490 _a
650 0 4 _aالتراجم
650 0 4 _aالفنون الجميلة
650 0 4 _aالفنانون
650 0 4 _aالفنانون المصريون
650 0 4 _aالفن
650 0 4 _aالفنون
650 0 4 _aالفن الحديث
650 0 4 _aيوسف كامل
942 _2ddc
_cBK
999 _c27718
_d27718